Nghề biên đạo múa /

Enregistré dans:
Détails bibliographiques
Auteur principal: Đỗ Minh Tiến.
Format: Article
Langue:Vietnamese
Sujets:
Tags: Ajouter un tag
Pas de tags, Soyez le premier à ajouter un tag!
Thư viện lưu trữ: Thư viện Trường Đại học Đà Lạt
LEADER 00739nam a2200265 4500
001 DLU090086191
005 ##20091216
040 # # |a DLU  |b vie 
041 # # |a vie 
044 # # |a vn 
100 # # |a Đỗ Minh Tiến. 
245 # # |a Nghề biên đạo múa /  |c Đỗ Minh Tiến. 
653 # # |a Hình tượng nghệ thuật 
653 # # |a Múa 
653 # # |a Phương pháp giảng dạy 
773 # # |t Văn hóa nghệ thuật  |g Số 7(289), 2008, tr. 87-89 
920 # # |a Phòng Tạp chí -- Trung tâm Thông tin - Thư viện Trường Đại học Đà Lạt 
994 # # |a DLU 
900 # # |a True 
911 # # |a Nguyễn Thị Linh Chi 
925 # # |a G 
926 # # |a A 
927 # # |a BB 
980 # # |a Thư viện Trường Đại học Đà Lạt